000 02327nam a22003617a 4500
003 DO-SdBNP
005 20240229073939.0
007 ta
008 110301s2021 dr ac 000 0 spa d
020 _a9789945613841 (v. 2)
020 _a9789945613964 (v. 3)
040 _aDO-SdBNP
_bspa
_cBNPHU
082 4 _a321.9
_bA185f
_222
100 1 _aAcosta Matos, Eliades
_953018
245 1 0 _aFugas equivocadas Machado, Batista y Trujillo :
_b una historia de violencia y traición /
_cEliades Acosta Matos, Pablo Llabre Raurell; Cuidado de la edición, Enrique Soldevilla Enríquez.
260 _aSanto Domingo :
_bArchivo General de la Nación,
_c2021
300 _av. :
_c23 cm.
490 1 _aArchivo General de la Nación
_v407, 424
500 _aIncluye datos biográficos de los autores en las solapas de las cubiertas.
500 _aIncluye bibliografía y notas al pié de páginas.
500 _aLa biblioteca posee los volúmenes 2 y 3
505 _aVolumen III --
_gCapitulo XV --
_tJugando a las invasiones y los desembarcos --
_tPasando el Rubicón --
_tLa recta final hacia el abrazo --
_gCapitulo XVI --
_tLa voz del buen sentido y la responsabilidad --
_tPrendas de amistad --
_tNubes sobre La Habana --
_tCerrando el auspicioso año de 1957 --
_gCapitulo XVII --
_tHuyéndole a esto --
_tDe vuelta a los buenos viejos tiempos --
_tHacia el ocaso definitivo --
_gCapitulo XVIII --
_tLa estampida --
_tUna estampida deliberadamente difuminada --
_tOrganizando la fuga --
_tCiudad Trujillo y los primeros encuentros --
_gCapitulo XIX --
_tTrujillo se desencadena --
_tEl tirano incómodo --
_tEl diluvio descubierto desde Ciudad Trujillo --
_gCapitulo XX --
_tUna casa de espantos --
_tMovilizaciones e inmovilidades --
_tPlanes rocambolescos --
_gCapitulo XXI --
_tUn final de opereta --
_tDesesperación --
_tCon espantoso tesón --
_tTestimonio gráfico /
590 _aInventariado, 2022/ YL
600 1 0 _aTrujillo Molina, Rafael Leónidas,
_d 1891-1961
_976764
600 1 7 _aMACHADO Y MORALES, GERALDO
_d1871-1939
_981473
600 1 7 _aBATISTA Y ZALDÌVAR, FULGENCIO
_d1901-1973
_912695
650 7 _aDICTADORES
_zREPÙBLICA DOMINICANA
_9601
650 7 _aDICTADORES
_zCUBA
_981474
700 1 _aLlabre Raurell, Pablo
_974206
700 1 _aSoldevilla Enríquez, Enrique,
_eed.
_983038
910 _aYLockward
942 _2ddc
_cLBS1
999 _c51544
_d51544